[Event "Emilia Romagna-ch"]
[Site "Piacenza"]
[Date "2024.05.12"]
[Round "5"]
[White "Piantelli, Luca"]
[Black "Giovannardi, Mirko Lorenzo"]
[Result "0-1"]
[WhiteElo "1581"]
[BlackElo "1941"]
[PlyCount "81"]
[EventDate "2024.05.10"]
[EventType "swiss"]
[EventRounds "6"]
[EventCountry "ITA"]
[SourceTitle "CBM 220 Extra"]
[Source "ChessBase"]
[SourceDate "2024.07.31"]
[SourceVersion "1"]
[SourceVersionDate "2024.07.31"]
[SourceQuality "1"]

1. e4 d5 2. exd5 Qxd5 3. Nc3 Qd6 4. d4 Nf6 5. Nf3 g6 6. Be2 Bg7 7. Nb5 Qb6 8. Bf4 Nd5 9. Be5 f6 10. Bg3 c6 11. Bc4 a6 12. Bxd5 axb5 13. Bb3 c5 14. dxc5 Qxc5 15. 0-0 Nc6 16. Re1 e5 17. Bf4 Qe7 18. Qd5 b4 19. Be3 Bf8 20. Bc5 Qd7 21. Qc4 Bxc5 22. Qxc5 Qe7 23. Qd5 Ra5 24. Qd2 Be6 25. Bxe6 Qxe6 26. Qh6 Kf7 27. Rad1 Ne7 28. Nh4 Rxa2 29. Rd2 Qa6 30. f4 Qb6+ 31. Kh1 Ra5 32. fxe5 Rxe5 33. Rxe5 fxe5 34. Rd7 Qf6 35. h3 Qc6 36. Rxe7+ Kxe7 37. Qg7+ Ke6 38. Qxh8 Qxc2 39. Qg8+ Kd6 40. Qf8+ Ke6 41. Qxb4 0-1

[Event "Emilia Romagna-ch"]
[Site "Piacenza"]
[Date "2024.05.11"]
[Round "4"]
[White "Giovannardi, Mirko Lorenzo"]
[Black "Carlevero, Giorgio"]
[Result "1-0"]
[WhiteElo "1941"]
[BlackElo "1399"]
[PlyCount "67"]
[EventDate "2024.05.10"]
[EventType "swiss"]
[EventRounds "6"]
[EventCountry "ITA"]
[SourceTitle "CBM 220 Extra"]
[Source "ChessBase"]
[SourceDate "2024.07.31"]
[SourceVersion "1"]
[SourceVersionDate "2024.07.31"]
[SourceQuality "1"]

1. d4 Nf6 2. c4 g6 3. Nc3 Bg7 4. e4 d6 5. Be3 0-0 6. h4 h5 7. f3 Re8 8. Qd2 Nbd7 9. Be2 b6 10. Bh6 Bh8 11. g4 e5 12. d5 Nc5 13. gxh5 Nxh5 14. 0-0-0 Ng3 15. Rh2 Rb8 16. Qe1 Nxe2+ 17. Ngxe2 Ba6 18. b3 Qf6 19. Qg3 b5 20. cxb5 Bxb5 21. Nxb5 Rxb5 22. Bg5 Qg7 23. Kc2 f6 24. Be3 f5 25. Qg5 c6 26. Nc3 Rb4 27. dxc6 Nxe4 28. fxe4 d5 29. Rxd5 fxe4 30. Rd7 Qf8 31. Qxg6+ Bg7 32. Rf2 Re7 33. Rxf8+ Kxf8 34. Rd8+ 1-0